TEMPERATURE AS AN IMPORTANT FACTOR IN COMPOSTING OF POULTRY MANURE

Bibliographic Details
Main Authors: Sasáková Naďa, 1957- (Author), Venglovský, Ján, 1951- (Author), Papajová, I. (Author), Ondrašovičová, Oľga, 1951-2014 (Author), Ondrašovič, Miloslav, 1947- (Author), Veszelits Laktičová, Katarína, 1979- (Author), Gregová, Gabriela, 1983- (Author), Kišová, J. (Author)
Format: Article
Language:English

MARC

LEADER 00000nab a2200000 a 4500
001 vtls011114869
003 SK-MaSNL
005 20260303211941.0
008 230218|2011 xo |||||||||||||||||eng|
015 |a SNBRB 
035 |a (uuid)c8c66afd-d6ca-4cce-ae38-afb14ca0d0e1 
035 |a (urnnbn)urn:nbn:sk:snk:ar-a08jaw 
035 |a urn:nbn:sk:snk-ab9lkh 
040 |a SNKBUCL  |b slo  |c SNKBUCL  |e AACR2 
041 0 |a eng 
044 |a xo  |c SK 
100 1 |a Sasáková Naďa,  |d 1957-  |4 aut  |9 235618 
245 1 0 |a TEMPERATURE AS AN IMPORTANT FACTOR IN COMPOSTING OF POULTRY MANURE  |c N. Sasáková, J. Venglovský, I. Papajová, O. Ondrašovičová, M. Ondrašovič, K. Veszelits-Laktičová, G. Gregová, J. Kišová 
700 1 |a Venglovský, Ján,  |d 1951-  |4 aut  |9 10528 
700 1 |a Papajová, I.  |4 aut  |9 772279 
700 1 |a Ondrašovičová, Oľga,  |d 1951-2014  |4 aut  |9 194466 
700 1 |a Ondrašovič, Miloslav,  |d 1947-  |4 aut  |9 108842 
700 1 |a Veszelits Laktičová, Katarína,  |d 1979-  |4 aut  |9 197818 
700 1 |a Gregová, Gabriela,  |d 1983-  |4 aut  |9 235597 
700 1 |a Kišová, J.  |4 aut  |9 827741 
773 0 |t Folia veterinaria  |g Roč. 55, č. Supplementum 1 (2011), s. 51-53 
958 |a OND 
958 |a EUIPO 
958 |a article13 
999 |c 2204813  |d 2206743